'L' in Geography Quiz Stats

 Plays Quiz Updated May 16, 2018

Also try: 'M' in Geography
Challenge
Share
Tweet
Score 0/16 Timer 05:00
27 Plays Today
Question Answer % Correct
Which Nevadan city is known as Sin City?Las Vegas
97.1%
Can you name the landmark in the images above?Leaning Tower of Pisa
90.8%
Can you name the country whose flag is in the images above?Lebanon
76.8%
Which Nigerian port city is the most populous city in Africa?Lagos
74.3%
Can you name the country whose outline is in the images above?Libya
74%
Which African country was previously known as 'Basutoland'?Lesotho
73.1%
What is the capital and largest city of Arkansas?Little Rock
71%
What is the currency of Turkey?Lira
66.7%
Question Answer % Correct
What is the largest metro area in France after Paris?Lyon
63.7%
What city hosted the 1908, 1948, and 2012 Summer Olympic Games?London
63.2%
Which part of mainland Canada makes a province with the island Newfoundland?Labrador
58.7%
Which river at 1,012km long, is France's longest river?Loire
58.3%
Can you name the UK city that houses the Royal Armouries Museum?Leeds
54.6%
What is the highest altitude capital city in the world at 3640m above sea level?La Paz
47.6%
Which island of the Philippines is its largest and the world's 4th most populous?Luzon
34.7%
Can you name the island of the Canary Islands, highlighted in orange in the images above?Lanzarote
22.3%

You're not logged in!

Compare scores with friends on all Sporcle quizzes.
Join for Free
OR
Log In

You Might Also Like...

Show Comments

Extras

Top Quizzes Today


Score Distribution

Your Account Isn't Verified!

In order to create a playlist on Sporcle, you need to verify the email address you used during registration. Go to your Sporcle Settings to finish the process.

Report this User

Report this user for behavior that violates our Community Guidelines.

Details: